000 00500pam a2200157a 44500
008 230515b2019 xxu||||| |||| 00| 0 eng d
020 _aNULL
041 _aENGLISH
082 _a610.0
100 _aMS. PRIYANKA PATEL
245 _aA DESCRIPTIVE STUDY TO ASSESS THE AWARENESS AND UTILIZATION OF SELECTED CHIND WELFARE SERVICES AMONG PARENTS IN SELECTED AREAS OF PUNE CITY.
250 _a1
260 _aPUNE
_bBHARATI VIDYAPEETH DEEMED UNIVERSITY, PUNE,
_c2019
300 _a116
650 _aNULL
999 _c532110
_d532110